000 00666nam a2200253Ia 4500
003 OSt
005 20221006160255.0
006 a|||||r|||| 00| 0
007 ta
008 221006b |||||||| |||| 00| 0 eng d
020 _a9788971416297
_cW20,000
024 _a44,785
037 _bgift, Window on Korea
_cTextual
040 _aEASL
_cEASL
_beng
041 _2eng
_aeng
082 _aV495.N6, P3.11
245 0 _aHistoey of Korea
260 _aSeoul
_bYoensei University
_c2003
300 _a660p.
_ccm.
490 _v KEL
650 _aKEL
942 _hV495.N6, P3.11
_cTEXL
_2CC
999 _c1112877
_d1112877